| 000 | 02106cam a2200349 i 4500 | ||
|---|---|---|---|
| 001 | 9952867795505158 | ||
| 005 | 20250321123214.0 | ||
| 008 | 230224r20232022enka 000 f eng d | ||
| 015 |
_aGBC369678 _2bnb |
||
| 016 | 7 |
_a021015609 _2Uk |
|
| 020 |
_a9781529061512 _qpaperback |
||
| 035 | _a(OCoLC)1376270200 | ||
| 035 | _a(EXLNZ-01OCUL_NETWORK)994167760705151 | ||
| 040 |
_aUKMGB _beng _erda _cUKMGB _dOCLCF _dOCLCQ _dOCLCO _dUKRFW _dUKNYK _dBARNS _dQ2U |
||
| 050 | 4 | _aPR6108.A9686 | |
| 100 |
_aHaynes, Natalie, _eauthor. _924961 |
||
| 245 | 1 | 0 |
_aStone blind _c/ Natalie Haynes. |
| 264 | 1 |
_aLondon : _bPicador, _c2023. |
|
| 300 |
_a368 pages : _billustrations ; _c20 cm |
||
| 500 | _aOriginally published: London: Mantle, 2022. | ||
| 520 | 8 | _aGrowing up with her sisters, Medusa quickly realises that she is the only one who gets older, experiences change, feels weakness. Her mortal lifespan gives her an urgency that her family will never know. When, in Athene's temple, desire pushes Poseidon to commit the unforgivable, Medusa's mortal life is changed forever. Athene, furious at the sacrilege committed, directs her revenge on Medusa. The punishment is that she is turned into a Gorgon: sharp teeth, snakes for hair, and a gaze that will turn any living creature to stone. Appalled by her own reflection, Medusa can no longer look upon anything she loves without destroying it. She condemns herself to a life of solitude in the shadows to limit her murderous range. That is, until Perseus embarks upon a fateful quest to fetch the head of a Gorgon. This is the story of how a young woman became a monster. And how she was never really a monster at all. | |
| 600 | 0 |
_aMedusa _c(Gorgon) _vFiction. |
|
| 650 | 0 |
_aGreece. _2thema _924963 |
|
| 650 | 0 |
_aBCE period - Protohistory. _2thema _924964 |
|
| 650 | 0 |
_aFantasy _2thema _911322 |
|
| 650 | 0 |
_aMyth & legend told as fiction. _2thema _924965 |
|
| 650 | 0 |
_aHistorical fiction _2thema _97788 |
|
| 655 | 0 |
_aFantasy fiction. _922510 |
|
| 655 | 0 |
_aMyth & legend told as fiction. _2thema _924966 |
|
| 655 | 0 |
_aHistorical fiction _2thema _922722 |
|
| 942 | _2lcc | ||
| 999 |
_c4556 _d4556 |
||